Catálogo
 En Linea

La conferencia en la enseñanza / : (Registro nro. 21262)

Detalles MARC
000 -CABECERA
campo de control de longitud fija 00853nam a2200229 a 4500
001 - NÚMERO DE CONTROL
campo de control 000021763
005 - FECHA Y HORA DE LA ÚLTIMA TRANSACCIÓN
campo de control 20200930011435.0
008 - DATOS DE LONGITUD FIJA--INFORMACIÓN GENERAL
campo de control de longitud fija 100911s1974 ag a r 000 0 spa d
040 ## - FUENTE DE LA CATALOGACIÓN
Centro catalogador/agencia de origen DO-SdBNP
Lengua de catalogación spa
Centro/agencia transcriptor BNPHU
041 17 - CÓDIGO DE LENGUA
Código de lengua del texto/banda sonora o título independiente spa
Código de lengua original eng
Fuente del código Código de idioma MARC
082 ## - NÚMERO DE LA CLASIFICACIÓN DECIMAL DEWEY
Número de clasificación nnnn
Número de documento/Ítem F699c
049 ## - FONDOS LOCALES (OCLC)
Fondos de biblioteca BNGR
100 1# - ENTRADA PRINCIPAL--NOMBRE DE PERSONA
Nombre de persona Ford, Leroy,
9 (RLIN) 42199
240 10 - TÍTULO UNIFORME
Título uniforme Using the lecture in teaching and training.
Lenguaje de la obra Español.
245 13 - MENCIÓN DE TÍTULO
Título La conferencia en la enseñanza / :
Resto del título Leroy Ford ; traducción de Ana María Swenson.
260 ## - PUBLICACIÓN, DISTRIBUCIÓN, ETC.
Lugar de publicación, distribución, etc. Argentina :
Nombre del editor, distribuidor, etc. Casa Bautista de Publicaciones,
Fecha de publicación, distribución, etc. [1974].
300 ## - DESCRIPCIÓN FÍSICA
Extensión 132 p. :
Otras características físicas il. ;
Dimensiones 22 cm.
490 1# - MENCIÓN DE SERIE
Mención de serie CBP
Designación de volumen o secuencia 11027
534 ## - NOTA SOBRE LA VERSIÓN ORIGINAL
Frase introductoria Título original en inglés:
Mención de título del original Using the lecture in teaching and training.
Publicación, distribución, etc. del original Nashville, Tennessee : Broadman, 1968
700 1# - PUNTO DE ACCESO ADICIONAL--NOMBRE DE PERSONA
Nombre de persona Swenson, Ana María,
Término indicativo de función/relación tr.
9 (RLIN) 43676
830 #0 - PUNTO DE ACCESO ADICIONAL DE SERIE-TÍTULO UNIFORME
Título uniforme CBP ;
Designación de volumen o secuencia 11027
9 (RLIN) 45223
Existencias
Estado de retiro Estado de pérdida Restricciones de uso No para préstamo Código de colección Localización permanente Ubicación/localización actual Ubicación en estantería Fecha de adquisición Número de inventario Total de préstamos Signatura topográfica completa Código de barras Fecha visto por última vez Precio válido a partir de Tipo de ítem Koha Número de copia
    Préstamo interno   Monografías: Libros y Folletos General General En catalogación 11.09.2010 LF1   nnnn F699c 21763-10 25.06.2020 25.06.2020 Préstamo interno  
    Préstamo interno Préstamo restrigido Monografías: Libros y Folletos General General En catalogación 11.09.2010 LF1   nnnn F699c 21763-20 25.06.2020 25.06.2020 Préstamo interno e. 2

Con tecnología Koha